Stadt zu Land #3 - Statistiken

Allgemein
  • Dieses Quiz wurde 261 mal gespielt
  • Das Durchschnittsergebnis liegt bei 9 aus 16
Antwortstatistiken
Stadt und Land % Korrekt
Malmö Schweden
98%
Genua Italien
96%
Izmir Türkei
95%
Suez Ägypten
84%
Brünn Tschechien
81%
Chengdu China
77%
Lublin Polen
70%
Wichita Vereinigte Staaten
61%
Basra Irak
55%
Pune Indien
51%
Regina Kanada
47%
Banjul Gambia
35%
Maracaibo Venezuela
32%
Sfax Tunesien
30%
Vyborg Russland
25%
Pokhara Nepal
7%
Keine übereinstimmenden Quizze gefunden
Verteilung der Resultate
Anzahl Personen mit jedem Resultat
Perzentil nach korrekt beantworteten Fragen
Ihre Resultats-Entwicklung
Sie haben dieses Quiz noch nicht gespielt